[Event "Open"]
[Site "Baku AZE"]
[Date "2009.09.29"]
[Round "9"]
[White "Mamedyarov,S"]
[Black "Guliev,L"]
[Result "1/2-1/2"]
[WhiteElo "2721"]
[BlackElo "2426"]

1.d4 Nf6 2.c4 e6 3.Nc3 d5 4.Bg5 Be7 5.cxd5 exd5 6.e3 O-O 7.Bd3 Re8 8.Nge2 Nbd7
9.O-O c6 10.f3 Nf8 11.Bc2 Nh5 12.Bxe7 Qxe7 13.e4 dxe4 14.fxe4 Ng6 15.e5 Bg4
16.Qd3 Rad8 17.Bb3 Kh8 18.Rae1 f6 19.Qe4 Qd7 20.Bf7 Re7 21.Bxg6 hxg6 22.Qxg6 fxe5
23.dxe5 Bxe2 24.Rxe2 Qd4+ 25.Kh1 Rxe5 26.Rxe5 Qxe5 27.Ne4 Qe8 28.Qg4 Rd4
29.Re1 Qe5 30.Kg1 Nf4 31.Qf3 Rd2 32.Nxd2 Qxe1+ 33.Nf1 Ne2+ 34.Kh1 Nd4 35.Qf4 c5
36.h3 b6 37.Kh2 Qb1  1/2-1/2

[Event "17th TCh-Eur"]
[Site "Novi Sad SRB"]
[Date "2009.10.22"]
[Round "1"]
[White "Mamedyarov,S"]
[Black "Kindermann,S"]
[Result "1-0"]
[WhiteElo "2721"]
[BlackElo "2529"]

1.d4 d5 2.c4 c6 3.Nc3 Nf6 4.Nf3 dxc4 5.a4 Bf5 6.Ne5 Nbd7 7.Nxc4 Nb6 8.Ne5 a5
9.Rg1 g6 10.g4 Be6 11.e4 Nfd7 12.Nxd7 Bxd7 13.Be3 Bg7 14.Qb3 O-O 15.f4 Nc8
16.e5 Qb6 17.Qc2 f5 18.Bc4+ Kh8 19.g5 Qb4 20.Bb3 Nb6 21.Ke2 e6 22.Na2 Qe7
23.Qc5 Qd8 24.h4 Nd5 25.Rac1 Be8 26.Rh1 Bf7 27.Bxd5 exd5 28.Rc3 Qc7 29.Rb3 Ra6
30.Rc1 Rc8 31.Bd2 Bf8 32.Qc2 Qd7 33.Qd3 Be7 34.Rc2 Raa8 35.Nc1 Be8 36.Qe3 Ra6
37.Nd3 b6 38.h5 gxh5 39.e6 Qd6 40.Nc5 bxc5 41.dxc5 d4 42.cxd6 dxe3 43.d7 Rd8
44.dxe8=Q+ Rxe8 45.Rxe3 c5 46.Bc3+ Kg8 47.Kf3 Bf8 48.Rce2 Bg7 49.Bf6 Rb6
50.Re5 Rb3+ 51.Kg2 h4 52.Rxc5 h3+ 53.Kh2 Rf3 54.Rxf5  1-0

[Event "17th TCh-Eur"]
[Site "Novi Sad SRB"]
[Date "2009.10.23"]
[Round "2"]
[White "Mamedyarov,S"]
[Black "Williams,Si1"]
[Result "1-0"]
[WhiteElo "2721"]
[BlackElo "2545"]

1.d4 Nf6 2.c4 g6 3.Nc3 Bg7 4.e4 d6 5.Be2 O-O 6.Bg5 Nbd7 7.Qd2 c5 8.d5 b5
9.cxb5 a6 10.Nf3 Qa5 11.O-O axb5 12.Bxb5 Ba6 13.Bxa6 Rxa6 14.Rfe1 Ng4 15.Bxe7 Re8
16.Bg5 Rb6 17.Rac1 c4 18.e5 Ngxe5 19.Nxe5 dxe5 20.Be3 Rb7 21.Red1 f5 22.Qe2 Rc8
23.d6 f4 24.Nd5 Kh8 25.b4 Qa4 26.Bc5 Nxc5 27.Rxc4 Qa6 28.Nc3  1-0

[Event "17th TCh-Eur"]
[Site "Novi Sad SRB"]
[Date "2009.10.24"]
[Round "3"]
[White "Mamedyarov,S"]
[Black "Fridman,D2"]
[Result "1/2-1/2"]
[WhiteElo "2721"]
[BlackElo "2661"]

1.d4 d5 2.c4 e6 3.Nc3 Be7 4.cxd5 exd5 5.Bf4 Nf6 6.e3 Bf5 7.f3 O-O 8.g4 Be6
9.Bd3 c5 10.Nge2 Nc6 11.h4 Bd6 12.Qd2 Rc8 13.O-O-O Nb4 14.Kb1 Re8 15.Bb5 Re7
16.dxc5 Bxc5 17.a3 Nc6 18.h5 a6 19.Bd3 d4 20.exd4 Nxd4 21.Nxd4 Bxd4 22.Bxh7+ Kxh7
23.Qxd4 Qxd4 24.Rxd4 Rd7 25.Rxd7 Bxd7 26.Be5 Ng8 27.g5 Bc6 28.Rh3 Re8 29.f4 f6
30.Bd4 Re1+ 31.Kc2 Rf1 32.Ne2 Bd7 33.Rh2 Bg4 34.Kd2 Rf3 35.Bc5 fxg5 36.fxg5 Rf5
37.Be3 Rd5+ 38.Kc3 Ne7 39.g6+ Kg8 40.Nf4 Rd8 41.Rd2 Rxd2 42.Bxd2 Bf3 43.Kd4 Nf5+
44.Kc5 Ng3 45.Bc3 Ne2 46.Ne6 Bxh5 47.Be5 Bxg6 48.Kb6 Be4 49.Nc5 Bf3 50.Nxb7 g5
51.Kxa6 g4 52.a4 Kf7 53.a5  1/2-1/2

[Event "17th TCh-Eur"]
[Site "Novi Sad SRB"]
[Date "2009.10.26"]
[Round "5"]
[White "Mamedyarov,S"]
[Black "Sanikidze,T"]
[Result "1/2-1/2"]
[WhiteElo "2721"]
[BlackElo "2600"]

1.d4 Nf6 2.c4 g6 3.Nc3 d5 4.Qa4+ Bd7 5.Qb3 dxc4 6.Qxc4 Bc6 7.Bg5 Bg7 8.Rd1 O-O
9.Nf3 h6 10.Bh4 Bxf3 11.gxf3 c6 12.e4 Qb6 13.Rd2 e6 14.f4 Nbd7 15.Be2 Rac8
16.O-O Qc7 17.Bg3 b5 18.Qb3 Qa5 19.a3 a6 20.Qa2 b4 21.axb4 Qxa2 22.Nxa2 Nxe4
23.Rc2 Nb6 24.Rd1 Rfd8 25.Nc3 Nd6 26.Bxa6 Ra8 27.Bd3 Nf5 28.Bxf5 gxf5 29.Ne2 Nd5
30.Rxc6 Nxb4 31.Rc5 Ra2 32.Rd2 Nd5 33.Rb5 Rc8 34.Kg2 Bf6 35.Rd3 Rc2 36.Nc3 Raxb2
37.Nxd5 exd5 38.Rxd5 Rd2 39.Rf3 Rxd4 40.Rxf5 Kg7 41.Ra3 Rdb4 42.Raa5 Bd4
43.Bh4 Rb6 44.Rfd5 Bf6 45.Bg3 R6b4 46.h4 Bd4 47.Rf5 Rc4 48.Rfb5  1/2-1/2

[Event "17th TCh-Eur"]
[Site "Novi Sad SRB"]
[Date "2009.10.29"]
[Round "8"]
[White "Macieja,B"]
[Black "Mamedyarov,S"]
[Result "0-1"]
[WhiteElo "2618"]
[BlackElo "2721"]

1.Nf3 g6 2.e4 d6 3.c4 c5 4.d4 Bg7 5.Be2 Qb6 6.dxc5 dxc5 7.Nc3 Nc6 8.O-O Nf6
9.Na4 Qc7 10.Nxc5 b6 11.Nd3 Nxe4 12.Bf4 Qb7 13.Re1 O-O 14.Nde5 Rd8 15.Qa4 Bd7
16.Nxd7 Rxd7 17.Rad1 Rad8 18.Rxd7 Rxd7 19.Qa3 Nd4 20.Nxd4 Bxd4 21.Be3 Qc7
22.Bxd4 Rxd4 23.Qe3 Qc5 24.Bf3 Rxc4 25.g3 Ng5 26.Ba8 Kf8 27.h4 Ne6 28.Qh6+ Kg8
29.Rd1 Rc2 30.Rd2 Nd4 31.Kg2 Rxd2 32.Qxd2 h5 33.a3 a5 34.Be4 a4 35.Qf4 Kg7
36.Ba8 b5 37.Qd2 Nf5 38.Qe2 e5 39.Be4 Nd6 40.Bc2 Qd4 41.b3 b4 42.bxa4 bxa3
43.Bb3 Qb2 44.Qd3 Nf5 45.Qb5 Ne3+  0-1

[Event "World Blitz"]
[Site "Moscow RUS"]
[Date "2009.11.16"]
[Round "1"]
[White "Svidler,P"]
[Black "Mamedyarov,S"]
[Result "1-0"]
[WhiteElo "2754"]
[BlackElo "2719"]

1.e4 e5 2.Nf3 Nc6 3.Bb5 a6 4.Ba4 b5 5.Bb3 Na5 6.O-O d6 7.d4 exd4 8.Qxd4 Bb7
9.c4 c5 10.Qd3 Nf6 11.Nc3 Be7 12.cxb5 axb5 13.Bd5 Nxd5 14.Nxd5 O-O 15.Bf4 Bf6
16.Nxf6+ Qxf6 17.Qxd6 Bxe4 18.Qxf6 gxf6 19.Nd2 Bd3 20.Rfc1 c4 21.h3 Nc6 22.Nf3 Be4
23.Rc3 Rfd8 24.a3 Nb4 25.Re1 Bxf3 26.axb4 Bh5 27.Rg3+ Bg6 28.Bh6 Rd3 29.Kh2 f5
30.Re7 f4 31.Bxf4 Kg7 32.Be5+ Kf8 33.Rb7 Rd5 34.Bc3 Re8 35.Rg4 h5 36.Rd4 Rf5
37.Rd2 Kg8 38.f3 Kh7 39.Rbd7 Rg5 40.R2d5 Rxd5 41.Rxd5 Rb8 42.g4 hxg4 43.fxg4 Kg8
44.h4 Be4 45.Re5 Bc6 46.Rg5+ Kf8 47.Kg3 Ke7 48.h5 f6 49.Rg7+ Ke6 50.Rg6 Rf8
51.Kf4 Be8 52.Rg7 f5 53.h6 fxg4+ 54.Kxg4 Bc6 55.h7 Bf3+ 56.Kg3 Be4 57.Ra7  1-0

[Event "World Blitz"]
[Site "Moscow RUS"]
[Date "2009.11.16"]
[Round "3"]
[White "Grischuk,A"]
[Black "Mamedyarov,S"]
[Result "1-0"]
[WhiteElo "2736"]
[BlackElo "2719"]

1.d4 Nf6 2.Nf3 g6 3.c4 Bg7 4.Nc3 d5 5.cxd5 Nxd5 6.e4 Nxc3 7.bxc3 c5 8.Be3 Qa5
9.Qd2 O-O 10.Rc1 e6 11.Bh6 Nc6 12.h4 cxd4 13.Bxg7 Kxg7 14.cxd4 Rd8 15.Qxa5 Nxa5
16.Kd2 h5 17.Ke3 Bd7 18.Bd3 Rac8 19.Kd2 Kf6 20.Rxc8 Rxc8 21.Rc1 Rxc1 22.Kxc1 Nc6
23.Kd2 e5 24.Nxe5 Nxe5 25.dxe5+ Kxe5 26.Ke3 b5 27.f4+ Kd6 28.a3 Kc5 29.f5 gxf5
30.exf5 f6 31.g4 hxg4 32.h5 g3 33.h6  1-0

[Event "World Blitz"]
[Site "Moscow RUS"]
[Date "2009.11.16"]
[Round "5"]
[White "Mamedyarov,S"]
[Black "Tkachiev,V"]
[Result "1-0"]
[WhiteElo "2719"]
[BlackElo "2642"]

1.d4 d5 2.Nf3 Nf6 3.Bf4 c6 4.e3 Bg4 5.h3 Bxf3 6.Qxf3 e6 7.Nd2 Bd6 8.g4 Bxf4
9.Qxf4 Qe7 10.O-O-O Nbd7 11.g5 Nh5 12.Qc7 Nb6 13.Qxe7+ Kxe7 14.Be2 g6 15.Bxh5 gxh5
16.h4 h6 17.f4 Nc8 18.Nf1 Nd6 19.Ng3 hxg5 20.fxg5 f6 21.gxf6+ Kxf6 22.Rhg1 Ke7
23.Ne2 Rag8 24.Nf4 Kf7 25.Rxg8 Rxg8 26.Nxh5 Rg4 27.Nf4 Rxh4 28.Rf1 Nf5 29.Kd2 Rg4
30.Rf3 Ke7 31.b3 Rh4 32.Rf2 Rg4 33.Rf3 Rh4 34.Ng6+  1-0

[Event "World Blitz"]
[Site "Moscow RUS"]
[Date "2009.11.16"]
[Round "6"]
[White "Dominguez Perez,L"]
[Black "Mamedyarov,S"]
[Result "1-0"]
[WhiteElo "2719"]
[BlackElo "2719"]

1.e4 e5 2.Nf3 Nc6 3.Bc4 Bc5 4.c3 Nf6 5.d3 a6 6.O-O d6 7.Bb3 O-O 8.Re1 Be6
9.h3 h6 10.Nbd2 Re8 11.Nf1 d5 12.Ng3 Bf8 13.Nh2 g6 14.Ng4 Nxg4 15.hxg4 Bg7
16.exd5 Bxd5 17.Ne4 Bxb3 18.axb3 Qe7 19.Qf3 Rad8 20.g5 h5 21.b4 Nb8 22.Nc5 c6
23.Be3 Qc7 24.Red1 Nd7 25.Ne4 Nf8 26.g3 Qd7 27.Kg2 Qf5 28.Nc5 Re7 29.Qxf5 gxf5
30.Rh1 Ng6 31.Rxh5 f4 32.Bd2 fxg3 33.fxg3 e4 34.d4 Ne5 35.Re1 Nc4 36.Bc1 Rde8
37.Rh4 Nd6 38.Bf4 Nf5 39.Rhh1 b6 40.Nb3 Re6 41.Re2 Ne7 42.Rhe1 Nd5 43.Nd2 e3
44.Nf1 f6 45.gxf6 Bxf6 46.Kf3 Bh4 47.Nxe3 Nxf4 48.Kxf4 Rf8+ 49.Kg4 Re4+ 50.Kh3 Rf3
51.Ng4 Rxg3+ 52.Kxh4 Rexg4+ 53.Kh5 Rg5+ 54.Kh4 R3g4+ 55.Kh3 Rg3+ 56.Kh2 R3g4
57.Re8+ Kf7 58.R8e7+ Kf8 59.R7e3 b5 60.Rf3+ Kg8 61.Re8+ Kg7 62.Re7+ Kg8 63.Re2 Rh4+
64.Rh3 Rhg4 65.Rf2 Kg7 66.Rhf3 Rh4+ 67.Rh3 Rhg4 68.Re2 Rf4 69.Rg3 Kf6 70.Rxg5 Kxg5
71.Kg3 Rf6 72.Re5+ Kg6 73.Re4 Kg7 74.Rg4+ Kh7 75.Rf4 Re6 76.Kf3 Kg7 77.Rf5 Rh6
78.Ke4 Rh4+ 79.Ke5 Rh6 80.Rf2 Rg6 81.d5 Rg5+ 82.Kd6 cxd5 83.Kc6 Rh5 84.Rd2 Kf7
85.Rxd5 Rh2 86.Kb6  1-0

[Event "World Blitz"]
[Site "Moscow RUS"]
[Date "2009.11.16"]
[Round "10"]
[White "Carlsen,M"]
[Black "Mamedyarov,S"]
[Result "1-0"]
[WhiteElo "2801"]
[BlackElo "2719"]

1.d4 Nf6 2.c4 g6 3.Nc3 d5 4.cxd5 Nxd5 5.e4 Nxc3 6.bxc3 Bg7 7.Be3 c5 8.Qd2 Qa5
9.Rc1 O-O 10.Nf3 e6 11.Be2 Rd8 12.Bg5 Re8 13.O-O Nc6 14.Rfd1 cxd4 15.cxd4 Qxd2
16.Rxd2 Bd7 17.Rb1 b6 18.Ba6 e5 19.dxe5  1-0

[Event "World Blitz"]
[Site "Moscow RUS"]
[Date "2009.11.16"]
[Round "11"]
[White "Mamedyarov,S"]
[Black "Anand,V"]
[Result "0-1"]
[WhiteElo "2719"]
[BlackElo "2788"]

1.d4 Nf6 2.c4 e6 3.Nc3 Bb4 4.f3 d5 5.a3 Be7 6.e4 dxe4 7.fxe4 e5 8.d5 Bc5
9.Nf3 Bg4 10.Bd3 Nbd7 11.h3 Bxf3 12.Qxf3 c6 13.Bd2 O-O 14.Rc1 Bd4 15.b4 a5
16.Ne2 Bb2 17.Rb1 Bxa3 18.bxa5 Bc5 19.Rxb7 cxd5 20.cxd5 Rxa5 21.g4 Ra3 22.Bc1 Ra1
23.Kf1 Nb6 24.Bb5 Qc8 25.Bc6 Nc4 26.Kg2 Nd6 27.Be3 Ra3 28.Bxc5 Rxf3 29.Bxd6 Nxe4
30.Bxf8 Rf2+  0-1

[Event "World Blitz"]
[Site "Moscow RUS"]
[Date "2009.11.16"]
[Round "12"]
[White "Polgar,Ju"]
[Black "Mamedyarov,S"]
[Result "0-1"]
[WhiteElo "2680"]
[BlackElo "2719"]

1.e4 e5 2.Nf3 Nc6 3.Bb5 a6 4.Ba4 b5 5.Bb3 Na5 6.O-O d6 7.d4 exd4 8.Nxd4 Bb7
9.Nf5 g6 10.Ne3 Bg7 11.Bd2 Nxb3 12.axb3 Bxe4 13.Re1 Ne7 14.Bc3 Be5 15.Ng4 f5
16.Nf6+ Kf7 17.Nxe4 fxe4 18.Rxe4 Re8 19.Qf3+ Kg8 20.Bxe5 dxe5 21.Nc3 Nc6
22.Rd1 Nd4 23.Qg4 Qf6 24.h3 Rad8 25.Rc1 Rf8 26.Qg3 Rde8 27.Ree1 Nf5 28.Qf3 Kh8
29.Ne4 Qh4 30.c3 Nd4 31.Qe3 Nxb3 32.Rcd1 Na5 33.Rd7 Nc4 34.Qc5 Nxb2 35.Qxc7 Rc8
36.Qd6 Rce8 37.g3 Qh6 38.Nf6 Nd3 39.Re4 Nxf2 40.Rh4 Qc1+ 41.Kxf2 Qc2+ 42.Ke3 Qxc3+
43.Ke4 Qc4+ 44.Ke3 Qc3+ 45.Qd3 Qe1+ 46.Qe2 Qxg3+ 47.Kd2 Qxh4 48.Rxh7+ Qxh7
49.Nxh7 Kxh7 50.Qg4 Kh6 51.Qd7 Rf2+ 52.Ke1 Rf5 53.Qd4 Kg7 54.Qd7+ Kh6 55.h4  0-1

[Event "World Blitz"]
[Site "Moscow RUS"]
[Date "2009.11.16"]
[Round "14"]
[White "Jakovenko,D"]
[Black "Mamedyarov,S"]
[Result "0-1"]
[WhiteElo "2736"]
[BlackElo "2719"]

1.e4 e5 2.Nf3 Nc6 3.Bb5 a6 4.Ba4 b5 5.Bb3 Na5 6.O-O d6 7.d4 exd4 8.Nxd4 Bb7
9.Re1 c5 10.e5 dxe5 11.Qh5 Qf6 12.Bg5 Qg6 13.Rxe5+ Ne7 14.Qe2 f6 15.Rxc5 fxg5
16.Ne6 Nxb3 17.axb3 Kf7 18.Nxg5+ Kg8 19.Nd2 Nf5 20.Rc7 Re8 21.Qg4 h5 22.Qd1 Bxg2
23.f4 Bd6 24.Rd7 Bxf4 25.Kxg2 Ne3+  0-1

[Event "World Blitz"]
[Site "Moscow RUS"]
[Date "2009.11.17"]
[Round "16"]
[White "Ivanchuk,V"]
[Black "Mamedyarov,S"]
[Result "0-1"]
[WhiteElo "2739"]
[BlackElo "2719"]

1.d4 Nf6 2.c4 e6 3.Nf3 d5 4.Nc3 Bb4 5.cxd5 exd5 6.Bg5 Nbd7 7.Qc2 c5 8.dxc5 h6
9.Bd2 O-O 10.e3 Qe7 11.Be2 Bxc5 12.O-O a6 13.Qb3 Nb6 14.Rac1 Be6 15.Nd4 Rac8
16.Rfd1 Bxd4 17.exd4 Nc4 18.Be1 b5 19.h3 Rfe8 20.Bf3 Qd7 21.Ne2 Bf5 22.Ng3 Bg6
23.a3 Ne4 24.Bg4 f5 25.Bh5 Nxg3 26.Bxg6 Ne2+ 27.Kh1 Nxc1 28.Bxe8 Rxe8 29.Rxc1 Re2
30.Qf3 Rxb2 31.Bb4 a5 32.Bc5 Qe6 33.Qg3 b4 34.axb4 axb4 35.f3 b3 36.Re1 Re2
37.Qb8+ Kh7 38.Rxe2 Qxe2 39.Qxb3 Ne3  0-1

[Event "World Blitz"]
[Site "Moscow RUS"]
[Date "2009.11.17"]
[Round "17"]
[White "Mamedyarov,S"]
[Black "Kramnik,V"]
[Result "1-0"]
[WhiteElo "2719"]
[BlackElo "2772"]

1.d4 Nf6 2.c4 e6 3.Nf3 d5 4.Nc3 dxc4 5.e4 Bb4 6.Bxc4 Nxe4 7.O-O Nf6 8.Bg5 O-O
9.Qe2 h6 10.Bh4 Be7 11.Rad1 Nbd7 12.Ne5 Nb6 13.Bd3 Nfd5 14.Bg3 f5 15.h3 Bd6
16.Rfe1 Qg5 17.Qf3 Nf6 18.Bf4 Qh5 19.Qg3 Qe8 20.Bxh6 Nh5 21.Qg5 Kh7 22.Bxg7 Nxg7
23.Re4 Be7 24.Rh4+ Kg8 25.Qh6 Bxh4 26.Ng6 Nd7 27.d5 Rf6 28.Qh8+ Kf7 29.dxe6+ Kxg6
30.Qxh4 Rxe6 31.Nd5 Re1+ 32.Kh2 Qe5+ 33.Nf4+ Qxf4+ 34.Qxf4 Rxd1 35.Qg4+ Kf6
36.Qxd1 Ne5 37.Bc2 Ne6 38.f4 Ng6 39.Qd5 Nexf4 40.Qd8+ Kg7 41.Bb3 a5 42.h4 a4
43.Bc4 b5 44.Bxb5 Ne6 45.Qe8 Rb8 46.Bc4 Kf6 47.Bxe6 Ne7 48.Qf7+  1-0

[Event "World Blitz"]
[Site "Moscow RUS"]
[Date "2009.11.17"]
[Round "18"]
[White "Gashimov,V"]
[Black "Mamedyarov,S"]
[Result "1/2-1/2"]
[WhiteElo "2758"]
[BlackElo "2719"]

1.e4 e5 2.Nf3 Nf6 3.Nxe5 d6 4.Nf3 Nxe4 5.Nc3 Nf6 6.d4 d5 7.Bd3 Bd6 8.O-O O-O
9.h3 h6 10.Re1 c6 11.Ne2 Re8 12.Ng3 Rxe1+  1/2-1/2

[Event "World Blitz"]
[Site "Moscow RUS"]
[Date "2009.11.17"]
[Round "19"]
[White "Mamedyarov,S"]
[Black "Kosteniuk,A"]
[Result "1-0"]
[WhiteElo "2719"]
[BlackElo "2517"]

1.d4 Nf6 2.c4 e6 3.Nf3 d5 4.Nc3 dxc4 5.e4 Bb4 6.Bxc4 Nxe4 7.O-O Nxc3 8.bxc3 Be7
9.Qe2 O-O 10.Rd1 c6 11.Bf4 Nd7 12.Rd3 Nb6 13.Bb3 Nd5 14.Bd2 Qc7 15.Ne5 f6
16.Nf3 Re8 17.Re1 b6 18.Nh4 Nf4 19.Bxf4 Qxf4 20.Bxe6+ Bxe6 21.Qxe6+ Kf8 22.Ng6+ hxg6
23.Rh3 Qh6 24.Rxh6 gxh6 25.Qxc6 Rac8 26.Qf3 Rc7 27.Qf4  1-0

[Event "World Blitz"]
[Site "Moscow RUS"]
[Date "2009.11.17"]
[Round "22"]
[White "Mamedyarov,S"]
[Black "Svidler,P"]
[Result "1-0"]
[WhiteElo "2719"]
[BlackElo "2754"]

1.e4 e5 2.Nf3 Nc6 3.Bb5 a6 4.Bxc6 dxc6 5.O-O Qd6 6.Na3 Be6 7.Qe2 f6 8.Nc4 Qd7
9.Rd1 c5 10.c3 b5 11.Ncxe5 fxe5 12.Nxe5 Qe7 13.d4 g6 14.a4 b4 15.d5 Bd7 16.Nxd7 Qxd7
17.e5 Qf5 18.cxb4 Bg7 19.g4 Qf7 20.bxc5 h5 21.e6 Qf6 22.d6 hxg4 23.Qe4 Rd8
24.Qc6+ Kf8 25.Qxc7 Re8 26.d7 Rd8 27.Bf4 Bh6 28.Bd6+ Kg7 29.Be5  1-0

[Event "World Blitz"]
[Site "Moscow RUS"]
[Date "2009.11.17"]
[Round "24"]
[White "Mamedyarov,S"]
[Black "Grischuk,A"]
[Result "1-0"]
[WhiteElo "2719"]
[BlackElo "2736"]

1.e4 c6 2.d4 d5 3.Nc3 dxe4 4.Nxe4 Bf5 5.Ng3 Bg6 6.h4 h6 7.f4 e6 8.Nf3 Nf6
9.Ne5 Bh7 10.Bc4 Nbd7 11.Qe2 Nd5 12.c3 Be7 13.Nh5 O-O 14.Bd2 c5 15.Bxd5 Nxe5
16.Qxe5 Bf6 17.Nxf6+ gxf6 18.Qh5 exd5 19.O-O cxd4 20.cxd4 Kh8 21.f5 Rg8 22.Rae1 Rc8
23.Qxh6 Rc2 24.Rf2 Rxb2 25.Rfe2 Qb6 26.Kh1 Qxd4 27.Re8 Qa4 28.Qxf6+  1-0

[Event "World Blitz"]
[Site "Moscow RUS"]
[Date "2009.11.17"]
[Round "26"]
[White "Tkachiev,V"]
[Black "Mamedyarov,S"]
[Result "0-1"]
[WhiteElo "2642"]
[BlackElo "2719"]

1.d4 Nf6 2.Nf3 g6 3.c4 Bg7 4.g3 c6 5.Nc3 d5 6.cxd5 cxd5 7.Bg2 O-O 8.Ne5 Nc6
9.O-O e6 10.Nxc6 bxc6 11.Bf4 Nd7 12.Qd2 e5 13.dxe5 Nxe5 14.b3 Re8 15.Rac1 h5
16.Bg5 Bf6 17.Bxf6 Qxf6 18.Qf4 Qe7 19.Rfd1 Bb7 20.e4 g5 21.Qe3 Ng4 22.Qf3 Rad8
23.exd5 cxd5 24.h3 Ne5 25.Qxh5 d4 26.Ne4 Bxe4 27.Bxe4 Qf6 28.Bd3 Kg7 29.Qh7+ Kf8
30.Rc5 Nf3+ 31.Kh1 Ne5 32.Kg1 Nf3+ 33.Kh1 Ne5 34.Qf5 Qe7 35.Rdc1 Kg7 36.Rc7 Qf6
37.Qxf6+ Kxf6 38.Rd1 g4 39.Kg2 gxh3+ 40.Kxh3 Rh8+ 41.Kg2 Ng4 42.Rc6+ Kg7
43.Rc5 Rh2+ 44.Kg1 Rdh8 45.Rg5+ Kf6 46.Rf5+ Kg7 47.Rg5+ Kf8 48.Be4 Nxf2 49.Bg2 Nxd1  0-1

[Event "World Blitz"]
[Site "Moscow RUS"]
[Date "2009.11.17"]
[Round "27"]
[White "Mamedyarov,S"]
[Black "Dominguez Perez,L"]
[Result "1/2-1/2"]
[WhiteElo "2719"]
[BlackElo "2719"]

1.d4 d5 2.c4 dxc4 3.e3 Nf6 4.Bxc4 e6 5.Nf3 a6 6.O-O c5 7.Bb3 Be7 8.Nc3 O-O
9.Qe2 cxd4 10.exd4 Nc6 11.Rd1 Na5 12.Bc2 b5 13.Bg5 Bb7 14.Ne5 Rc8 15.Rac1 Nd5
16.Qd3 g6 17.Bxe7 Qxe7 18.Qg3 Nc4 19.Nxc4 bxc4 20.Ne4 Nb4 21.Nd6 Rcd8 22.Nxb7 Qxb7
23.Bb1 Nd5 24.Rxc4 Qxb2 25.Qb3 Rb8 26.Qxb2 Rxb2 27.g3 Rfb8 28.Be4 Nf6 29.Bf3 Rxa2
30.d5 exd5 31.Bxd5 Nxd5 32.Rxd5 Rb7 33.Rcc5 Ra7 34.Rc8+ Kg7 35.Rdd8 a5 36.Ra8 Rxa8
37.Rxa8 a4 38.g4 g5 39.Ra6 a3 40.Kg2 Kf8 41.Kg3 Ke7 42.h4 gxh4+ 43.Kxh4 Ra1
44.Kg3 Kf8 45.Ra8+ Kg7 46.Ra6 Kf8 47.Ra8+ Ke7 48.Ra7+ Ke6 49.Ra6+ Kd5 50.Ra7 Kc4
51.Kg2 f6 52.Rc7+ Kb4 53.Rb7+ Kc3 54.Rc7+ Kd4 55.Rd7+ Ke5 56.Rxh7 Rc1 57.Ra7 Rc3
58.Ra6 Rb3 59.Ra5+ Kd4 60.Ra6 Ke5 61.Ra4 Rc3 62.Ra6 Rd3 63.Ra4 Rb3 64.Ra6 Kf4
65.Ra4+ Kg5 66.Kh2 Kh4 67.Kg2 Rc3 68.Kh2 Kg5 69.Kg2 Rb3 70.Kh2 f5 71.gxf5 Kxf5
72.Kg2 Ke5 73.f4+ Kd5 74.Kf2 Kc5 75.f5 Kb5 76.Ra8 Rc3 77.Ke2 Kb4 78.f6 Rc7
79.Kd2 Kb3 80.Rb8+ Kc4 81.Ra8 Kb4 82.Rb8+ Ka4 83.Ra8+ Kb3 84.Rb8+ Ka2 85.Rb6 Ka1
86.Kd3 a2 87.Kd2 Rd7+ 88.Kc2 Rc7+ 89.Kd2 Ra7 90.Kc2 Rd7 91.Kc3 Rd1 92.f7 Rf1
93.Rb7 Rf3+ 94.Kd2 Rf6 95.Kd3 Rf3+ 96.Ke4 Rf1 97.Ke5 Rf2 98.Ke6 Rxf7 99.Kxf7  1/2-1/2

[Event "World Blitz"]
[Site "Moscow RUS"]
[Date "2009.11.17"]
[Round "28"]
[White "Karjakin,Sergey"]
[Black "Mamedyarov,S"]
[Result "1-0"]
[WhiteElo "2723"]
[BlackElo "2719"]

1.e4 e5 2.Nf3 Nc6 3.Bb5 a6 4.Ba4 b5 5.Bb3 Na5 6.O-O d6 7.d4 exd4 8.Nxd4 Bb7
9.c4 c5 10.Nf5 g6 11.Ng3 h5 12.Nc3 h4 13.Nge2 h3 14.g3 Nxb3 15.Qxb3 b4 16.Nd5 Bxd5
17.exd5 Bg7 18.a3 bxa3 19.Rxa3 Nf6 20.Nf4 Nd7 21.Bd2 Rb8 22.Qe3+ Ne5 23.b3 O-O
24.Nxh3 Re8 25.Qf4 Qd7 26.Kg2 Nd3 27.Qf3 Ne5 28.Qd1 Qf5 29.Re1 f6 30.Nf4 Bh6
31.Ne6 Bxd2 32.Qxd2 Nf3 33.Qe3 Nxe1+ 34.Qxe1 Rb6 35.Qe3 g5 36.Qd2 Reb8 37.Qe3 Re8
38.Qe1 Reb8 39.Qe3 Qe5 40.Qf3 f5 41.Qh5 Qe4+ 42.Kg1 Qe1+ 43.Kg2 Qe4+ 44.Kh3 Qg4+
45.Qxg4 fxg4+ 46.Kxg4 Rxb3 47.Rxa6 R3b4 48.Rxd6 Rxc4+ 49.Kxg5 Rc2 50.f4 c4
51.Rc6 c3 52.d6 Kf7 53.f5 Rd2 54.Rc7+ Kg8 55.d7 c2 56.d8=Q+  1-0

[Event "World Blitz"]
[Site "Moscow RUS"]
[Date "2009.11.18"]
[Round "31"]
[White "Mamedyarov,S"]
[Black "Carlsen,M"]
[Result "0-1"]
[WhiteElo "2719"]
[BlackElo "2801"]

1.d4 Nf6 2.c4 g6 3.f3 Nc6 4.d5 Ne5 5.e4 d6 6.Ne2 Bg7 7.Nec3 O-O 8.Be2 e6
9.O-O exd5 10.cxd5 c6 11.dxc6 bxc6 12.Be3 Re8 13.Nd2 d5 14.Nb3 dxe4 15.Qxd8 Rxd8
16.fxe4 Bg4 17.Bg5 Bxe2 18.Nxe2 Rd6 19.Nc5 Nfd7 20.Nxd7 Nxd7 21.Rab1 Re8
22.Ng3 Bd4+ 23.Kh1 Nc5 24.Rbd1 Nxe4 25.Nxe4 Rxe4 26.h3 Rd5 27.Bh6 Bxb2 28.Rb1 Re2
29.Rf6 Bxf6  0-1

[Event "World Blitz"]
[Site "Moscow RUS"]
[Date "2009.11.18"]
[Round "33"]
[White "Mamedyarov,S"]
[Black "Polgar,Ju"]
[Result "1-0"]
[WhiteElo "2719"]
[BlackElo "2680"]

1.e4 c5 2.c3 Nf6 3.e5 Nd5 4.d4 e6 5.Nf3 cxd4 6.Qxd4 Nc6 7.Qe4 d6 8.Bb5 Bd7
9.c4 Nc7 10.exd6 Bxd6 11.O-O Nxb5 12.cxb5 Ne7 13.Nc3 Qb8 14.Rd1 Bc7 15.Qd4 Qc8
16.Qxg7 Rg8 17.Qxh7 e5 18.Ne4 Rg6 19.Nh4 Bf5 20.Nxg6 Nxg6 21.Qg8+ Nf8 22.Bh6 Ke7
23.Qg5+  1-0

[Event "World Blitz"]
[Site "Moscow RUS"]
[Date "2009.11.18"]
[Round "35"]
[White "Mamedyarov,S"]
[Black "Jakovenko,D"]
[Result "0-1"]
[WhiteElo "2719"]
[BlackElo "2736"]

1.e4 e5 2.Nc3 Nc6 3.Bc4 Nf6 4.d3 Na5 5.Nge2 Nxc4 6.dxc4 Be7 7.Qd3 d6 8.a4 Be6
9.b3 O-O 10.h3 c6 11.Ba3 Qc7 12.O-O Rad8 13.f4 d5 14.Bxe7 Qxe7 15.fxe5 dxc4
16.Qe3 Nd7 17.Qxa7 Nxe5 18.b4 Rd2 19.Qe3 Rxc2 20.Nd4 Rb2 21.b5 cxb5 22.axb5 Nd3
23.Na4 Rb4 24.Nc3 Qc5 25.Kh1 Rd8 26.Nd5 Bxd5 27.exd5 Qxd5 28.Nf5 Kh8 29.Qg5 Rg8
30.Ra8 Nf2+ 31.Kg1 Nxh3+ 32.gxh3 Qc5+ 33.Kh1 Qd5+ 34.Kg1 Qc5+ 35.Kg2 Rb2+
36.Kf3 Qd5+ 37.Kf4 Qd2+ 38.Ne3 Rxa8 39.Rg1 Qd4+ 40.Kf3 Rb3 41.Rd1 Rxe3+  0-1

[Event "World Blitz"]
[Site "Moscow RUS"]
[Date "2009.11.18"]
[Round "37"]
[White "Mamedyarov,S"]
[Black "Ivanchuk,V"]
[Result "1/2-1/2"]
[WhiteElo "2719"]
[BlackElo "2739"]

1.e4 e5 2.Nf3 Nf6 3.d4 Nxe4 4.Bd3 Nc6 5.O-O d5 6.dxe5 Be7 7.Nbd2 Nc5 8.Nb3 Nxd3
9.Qxd3 O-O 10.Be3 Bg4 11.Nbd4 Nb4 12.Qd2 c5 13.Nb3 d4 14.Bf4 Qd5 15.Ne1 Rad8
16.h3 Be6 17.Nd3 Nc6 18.Bg5 Bxg5 19.Qxg5 h6 20.Qg3 c4 21.Nf4 Qxe5 22.Rfe1 Qf5
23.Nd2 Nb4 24.Nf3 Nxc2 25.Re5 Qf6 26.Rd1 d3 27.b3 Nd4 28.Nxe6 Nxf3+ 29.gxf3 fxe6
30.bxc4 b6 31.Re3 d2 32.Qg4 Rd4 33.Qxe6+ Qxe6 34.Rxe6 Rxf3 35.Re2 Rfd3 36.Kg2 Kf7
37.f3 Kf6 38.Kf2 Kf5 39.Re7 g5 40.Rxa7 Rxc4 41.Ke2 Rcd4 42.Rb7 Kf4 43.Rf7+ Kg3
44.Rg1+ Kh2 45.Rd1 Kxh3 46.Rf6 h5 47.Rxb6 h4 48.a4 Kg2 49.a5 Rd8 50.Rb5 R3d5
51.Rxd5 Rxd5 52.Rxd2 Rxd2+ 53.Kxd2 h3 54.a6 h2 55.a7 h1=Q 56.a8=Q  1/2-1/2

[Event "World Blitz"]
[Site "Moscow RUS"]
[Date "2009.11.18"]
[Round "38"]
[White "Kramnik,V"]
[Black "Mamedyarov,S"]
[Result "0-1"]
[WhiteElo "2772"]
[BlackElo "2719"]

1.Nf3 c5 2.c4 Nf6 3.g3 g6 4.Bg2 Bg7 5.O-O O-O 6.Nc3 d5 7.cxd5 Nxd5 8.Qa4 Nb6
9.Qh4 e5 10.Qxd8 Rxd8 11.d3 Nc6 12.Bg5 f6 13.Be3 Nd4 14.Rfc1 Bg4 15.Bxd4 cxd4
16.Ne4 Rac8 17.Kf1 Na4 18.Nfd2 Nxb2 19.h3 Bf5 20.g4 Bxe4 21.Nxe4 b6 22.a3 Na4
23.Rxc8 Rxc8 24.Nd6 Rc5 25.Rb1 Kf8 26.Bf3 Ke7 27.Nc4 Nc3 28.Ra1 e4 29.Bh1 f5
30.gxf5 gxf5 31.a4 Nxe2 32.Kxe2 Rxc4 33.Rg1 Rc2+ 34.Kd1 Rxf2 35.Rxg7+ Kf6
36.Rg1 Ra2 37.Ke1 Ke5 38.dxe4 Ra1+ 39.Kf2 Rxg1 40.Kxg1 fxe4 41.Kf2 a6 42.Ke2 b5
43.a5 b4 44.Kd2 b3 45.Bg2 e3+ 46.Kd3 e2  0-1

[Event "World Blitz"]
[Site "Moscow RUS"]
[Date "2009.11.18"]
[Round "39"]
[White "Mamedyarov,S"]
[Black "Gashimov,V"]
[Result "1/2-1/2"]
[WhiteElo "2719"]
[BlackElo "2758"]

1.e4 e5 2.Nf3 Nf6 3.Qe2 d6 4.g3 g6 5.Bg2 Bg7 6.O-O O-O 7.c4 c5 8.d3 Nc6 9.Nc3 Nd4
10.Nxd4 cxd4 11.Nd5 Nxd5 12.cxd5  1/2-1/2

[Event "World Blitz"]
[Site "Moscow RUS"]
[Date "2009.11.18"]
[Round "40"]
[White "Kosteniuk,A"]
[Black "Mamedyarov,S"]
[Result "0-1"]
[WhiteElo "2517"]
[BlackElo "2719"]

1.e4 d6 2.d4 Nf6 3.Nc3 g6 4.Nf3 Bg7 5.Be3 Ng4 6.Bf4 O-O 7.h3 Nf6 8.Qd2 c6
9.O-O-O b5 10.Bd3 Nbd7 11.Bh6 b4 12.Ne2 Qa5 13.Kb1 c5 14.e5 Nd5 15.Bxg7 Kxg7
16.exd6 exd6 17.dxc5 Rb8 18.Ka1 Nxc5 19.Bc4 Nb6 20.Bb3 Be6 21.Ned4 Bxb3 22.cxb3 Rfe8
23.h4 h5 24.Qg5 Kg8 25.Qh6 Nd5 26.Nf5 Nxb3+ 27.Kb1 Nc3+ 28.bxc3 Qxf5+  0-1

[Event "Bundesliga 2009-10"]
[Site "Heidelberg GER"]
[Date "2010.02.28"]
[Round "11"]
[White "Mamedyarov,S"]
[Black "Svetushkin,D"]
[Result "1-0"]
[WhiteElo "2721"]
[BlackElo "2570"]

1.Nf3 Nf6 2.g3 d5 3.Bg2 c6 4.O-O Bf5 5.d3 e6 6.Nbd2 Be7 7.Nh4 Bg4 8.h3 Bh5
9.g4 Bg6 10.e4 Nbd7 11.Qe2 Qc7 12.f4 dxe4 13.dxe4 O-O-O 14.Nxg6 hxg6 15.a4 g5
16.Nc4 Rh4 17.e5 Nd5 18.fxg5 Bc5+ 19.Kh1 Rdh8 20.Rxf7 Qd8 21.Qf3 N7b6 22.Nd6+ Bxd6
23.exd6 Qxd6 24.Bf4 Nxf4 25.Rxf4 Nd5 26.Rf7 e5 27.Qb3 b6 28.Rxa7 Nf4 29.Ra8+ Kb7
30.Rxh8 Rxh8 31.a5 Nxg2 32.Qf7+ Kb8 33.axb6  1-0